LEADER 01297nam a2200277 i 4500 001 000000116247 003 CaOOAMICUS 005 20030612000000.0 008 030612s1996 it u000 u ita u 013 $a88936 020 $a88-86043-18-X 040 $aSeMil$bita 100 1 $aFacchin, Carlo.$0(OLS)http://semarc/name/48574 245 12$aI cattolici al bivio :$bil primato papale tra libertà di coscienza e assolutismo religioso /$cCarlo Facchin, Francesco La Valle. 260 $aNegarine di S. Pietro in Cariano (VR) :$bIl Segno dei Gabrielli,$ccopyr. 1996. 300 $a159 p. + [1] c. di errata corrige. ;$c24 cm. 500 $aFondo Card. C.M. Martini. 650 4$aPapa - Primato.$0(OLS)http://semarc/subject/4311 700 1 $aLa Valle, Francesco.$0(OLS)http://semarc/name/48575 850 $aSeMil 852 $aSeMil$W1$xVenegono$y1$m2D III 1$j71726$B71726$CSeMilBibl$Z2$F90470 $81 941 1 $a4 961 $aOmaggio: Martini Card. Carlo Maria 996 $6020$a88-86043-18-X$9(OLS)http://semarc/number/100325 996 $6245$aI cattolici al bivio :$bil primato papale tra libertà di coscienza e assolutismo religioso$9(OLS)http://semarc/title/170461 996 $6260$aNegarine di S. Pietro in Cariano (VR) :$bIl Segno dei Gabrielli$9(OLS)http://semarc/publisher/53305 LEADER 00994nam a2200253 i 4500 001 000000122257 003 CaOOAMICUS 005 20241203144505.0 008 040128s1966 it u000 u ita u 013 $a94952 040 $aSeMil$bita 100 1 $aMalraux, André,$d<1901-1976>.$0(OLS)http://semarc/name/4038 240 14$aLes conquérants.$0(OLS)http://semarc/title/180149 245 12$aI conquistatori /$cAndré Malraux ; Traduzione di Jacopo Darca. 260 $aMilano :$bMondadori,$c1966 (copyr. 1947) 300 $a243 p. ;$c19 cm. 700 1 $aDarca, Jacopo.$0(OLS)http://semarc/name/18963 830 0$aOscar ;$v84.$0(OLS)http://semarc/title/8669 850 $aSeMil 852 $aSeMil$W1$xVenegono$y1$m1V I 372$j77256$B77256$CSeMilBibl$Z2$F78957 $81 961 $aRecupero: Seminario di Seveso 996 $6245$aI conquistatori$9(OLS)http://semarc/title/180148 996 $6260$aMilano :$bMondadori$9(OLS)http://semarc/publisher/30335